Veintitres pintores de la argentina : 1810-1900 /

Guardado en:
Autor Principal: Payro, Julio E.
Formato: Libro
Publicado: Buenos Aires : Eudeba, 1962
Series:Serie Del Siglo Y Medio ; E-2
Materias:
Etiquetas: Agregar Etiqueta
Sin Etiquetas, Sea el primero en etiquetar este registro!
LEADER 00679nam a22002055a 4500
001 EHU.bham024482
003 AR-BHAM
005 20130507150450.0
008 130507s1962##################000#0#####d
082 7 5 |a 759.982 
100 1 |a Payro, Julio E. 
245 1 0 |a Veintitres pintores de la argentina :  |b 1810-1900 /  |c Julio E. Payro 
260 |a Buenos Aires :  |b Eudeba,  |c 1962 
300 |a 63 p. 
490 0 |a Serie Del Siglo Y Medio ; E-2 
653 |a Pintura argentina-1810-1900 
653 |a Arte-argentina 
653 |a Pintura-argentina 
859 |a AR-BHAM  |b BIB. HUMANIDADES - General  |h 759.982  |i P295  |p 253.02  |t Ej.1 
859 |a AR-BHAM  |b BIB. HUMANIDADES - General  |h 759.982  |i P295  |p 440.02  |t Ej.1